00238nam a2200097Ia 4500008004100000082001900041100001800060245001800078260003700096300000700133150731s2013 xx 000 0 und d a615.53bS 13 S aSHAH, SANDEEP aSAWASTHAY SAR bCHAUKHAMBHA PUB. NEW DELHIc2013 a57